| 000 | 00975nam a2200205 4500 | ||
|---|---|---|---|
| 005 | 20260312144701.0 | ||
| 008 | 260312b |||||||| |||| 00| 0 eng d | ||
| 020 | _a9781032601007 | ||
| 037 | _cTextual | ||
| 040 |
_aRTL _cRTL |
||
| 084 | _qRTL | ||
| 100 |
_aJayne, Mark _91131872 |
||
| 245 | _aBuilding the city: Everyday lives fo migrant workers | ||
| 260 |
_aLondon _bRoutledge _c2026 |
||
| 300 |
_axi, 277 p. _bIncludes bibliographical reference and index |
||
| 520 | _aThe book offers complementary blending of longstanding political-economic accounts of migration, gender, labour, and urban life alongside advances in feminist, postcolonial, post-structural, materialist, and more-than-representational theories. Drawing on these critical resources the authors explore the complexities of migrant’s everyday past, present, and future lives. | ||
| 700 |
_aSiying, Wu _eCo-author _91131873 |
||
| 700 |
_aChenhui, Wu _eCo-author _91131874 |
||
| 942 |
_2CC _n0 _cTEXL |
||
| 999 |
_c1715254 _d1715254 |
||